00634nam a22001577a 450000500170000000800440001702000180006105000250007910000340010424501270013825000120026526000650027730000230034265000550036565000560042020211025095843.0210706b mx ||||| |||| 00| 0 spa d a978607777573704aLC146.8.M6bE88 20151 aEstrada Ruiz, Marcos Jacobo. 10aEducación media superior y deserción juvenil : buna mirada desde las historias de vida c/ Marcos Jacobo Estrada Ruiz a1a ed.  aHermosillo, Sonora, México :bEl Colegio de Sonora,c2015. a317 p. ; c23 cm.  72lemb aDesertores de secundariazSonora, México  72lemb aEstudiantes de secundariazSonora, México